[Event "Euskadi-chTA"]
[Site "Euskadi"]
[Date "2001.01.27"]
[Round "7"]
[White "Alonso, Ismael"]
[Black "Ibaibarriaga Aporta, Asier"]
[Result "1-0"]
[WhiteElo "2251"]
[BlackElo "1875"]
[PlyCount "79"]
[EventDate "2000.11.18"]
[EventType "team"]
[EventRounds "9"]
[EventCountry "ESP"]
[SourceTitle "EXT 2006"]
[Source "ChessBase"]
[SourceDate "2005.11.24"]
[SourceVersion "1"]
[SourceVersionDate "2005.11.24"]
[SourceQuality "1"]

1. d4 d5 2. Bg5 Nf6 3. Bxf6 exf6 4. e3 f5 5. Bd3 g6 6. Qf3 c6 7. Ne2 Nd7 8. 0-0 Nf6 9. c4 Bg7 10. Nf4 0-0 11. cxd5 cxd5 12. Nc3 Be6 13. Rfc1 Rc8 14. Bc2 Qa5 15. Bb3 Rcd8 16. Qe2 a6 17. Na4 b5 18. Nc5 Qb6 19. a4 Ra8 20. Rc2 Rfd8 21. a5 Qb8 22. Nfxe6 fxe6 23. Nxe6 Rd6 24. Nc7 Ra7 25. Rac1 Bf8 26. Qf3 Qd8 27. Rc5 Ne4 28. Nxd5 Nxc5 29. dxc5 Rxd5 30. Bxd5+ Kh8 31. b4 Qf6 32. Rd1 Rc7 33. Qf4 Qg7 34. Qd4 g5 35. g3 Be7 36. Bb3 Rc8 37. Be6 Rf8 38. c6 Rd8 39. Qxg7+ Kxg7 40. Rxd8 1-0

[Event "Euskadi-chTA"]
[Site "Euskadi"]
[Date "2001.01.20"]
[Round "6"]
[White "Ibaibarriaga Aporta, Asier"]
[Black "Gonzalez Blanco, Aitor"]
[Result "0-1"]
[WhiteElo "1875"]
[BlackElo "2022"]
[PlyCount "75"]
[EventDate "2000.11.18"]
[EventType "team"]
[EventRounds "9"]
[EventCountry "ESP"]
[SourceTitle "EXT 2006"]
[Source "ChessBase"]
[SourceDate "2005.11.24"]
[SourceVersion "1"]
[SourceVersionDate "2005.11.24"]
[SourceQuality "1"]

1. d4 Nf6 2. c4 c5 3. e3 e6 4. Nf3 d5 5. Bd3 Nc6 6. 0-0 Be7 7. Nc3 0-0 8. b3 b6 9. Bb2 Nb4 10. Bb1 Ba6 11. Ne5 Bb7 12. a3 Nc6 13. Ne2 dxc4 14. Nxc4 cxd4 15. exd4 Nd5 16. Ne5 Bf6 17. Nxc6 Qd6 18. Ne5 g6 19. Ng3 Bg7 20. Ne4 Qe7 21. a4 Rfd8 22. Ba3 Qh4 23. Nf3 Qg4 24. h3 Qf4 25. Bc1 Qc7 26. Be3 f5 27. Neg5 Qe7 28. h4 h6 29. Nh3 Nc3 30. Qd2 Rac8 31. Nf4 Bxf3 32. gxf3 Qxh4 33. Ng2 Qh3 34. Qd3 Qxf3 35. Re1 Bxd4 36. Bxd4 Rxd4 37. Re3 Rc5 38. Ne1 0-1

[Event "Euskadi-chTA"]
[Site "Euskadi"]
[Date "2000.12.16"]
[Round "4"]
[White "Ibaibarriaga Aporta, Asier"]
[Black "Navarrete Delgado, Sergio"]
[Result "1-0"]
[WhiteElo "1875"]
[BlackElo "2101"]
[PlyCount "75"]
[EventDate "2000.11.18"]
[EventType "team"]
[EventRounds "9"]
[EventCountry "ESP"]
[SourceTitle "EXT 2006"]
[Source "ChessBase"]
[SourceDate "2005.11.24"]
[SourceVersion "1"]
[SourceVersionDate "2005.11.24"]
[SourceQuality "1"]

1. d4 Nf6 2. c4 e6 3. Nf3 d5 4. Nc3 c6 5. Bg5 Bb4 6. a3 Bxc3+ 7. bxc3 Qa5 8. Qc2 Ne4 9. Bd2 Nd7 10. e3 0-0 11. Bd3 f5 12. 0-0 Qd8 13. Bc1 g5 14. Ne5 Nxe5 15. dxe5 Qc7 16. f4 g4 17. a4 c5 18. cxd5 exd5 19. c4 Be6 20. Ba3 b6 21. cxd5 Bxd5 22. Bc4 Bxc4 23. Qxc4+ Qf7 24. e6 Qe7 25. Rfd1 Rfe8 26. Rd7 Qxe6 27. Qd3 g3 28. hxg3 Nxg3 29. Rc1 Qh6 30. Qd5+ Qe6 31. Qd3 Qe4 32. Qc3 Re7 33. Rxe7 Qxe7 34. Bb2 Ne4 35. Qh8+ Kf7 36. Qxa8 Qh4 37. Qd5+ Kg6 38. Qe6+ 1-0

[Event "Euskadi-chTA"]
[Site "Euskadi"]
[Date "2000.11.25"]
[Round "2"]
[White "Salinero de Prado, Juan Manuel"]
[Black "Ibaibarriaga Aporta, Asier"]
[Result "0-1"]
[WhiteElo "2177"]
[BlackElo "1875"]
[PlyCount "115"]
[EventDate "2000.11.18"]
[EventType "team"]
[EventRounds "9"]
[EventCountry "ESP"]
[SourceTitle "EXT 2006"]
[Source "ChessBase"]
[SourceDate "2005.11.24"]
[SourceVersion "1"]
[SourceVersionDate "2005.11.24"]
[SourceQuality "1"]

1. d4 d5 2. Nf3 c6 3. c4 Nf6 4. Nc3 e6 5. cxd5 exd5 6. Qc2 Bg4 7. Bg5 Be7 8. e3 Nbd7 9. Bd3 Qa5 10. Nd2 c5 11. h3 Be6 12. 0-0 c4 13. Be2 b5 14. f4 g6 15. Bf3 Rc8 16. g4 b4 17. Ne2 Nb6 18. Ng3 Bd7 19. e4 Ba4 20. Qc1 c3 21. Nb3 Qb5 22. Nc5 Rxc5 23. dxc5 Qxc5+ 24. Kh1 d4 25. e5 Nfd5 26. Bxe7 Qxe7 27. Ne4 Ne3 28. Nf6+ Kf8 29. bxc3 bxc3 30. Re1 Nbc4 31. Rb1 Kg7 32. Rb7 Qa3 33. Qxa3 Nxa3 34. Rxa7 Nac2 35. Rg1 Be8 36. g5 Nb4 37. a3 Nc6 38. Rc7 Nd8 39. Be4 Ne6 40. Re7 Ba4 41. Rb1 c2 42. Bxc2 Nxc2 43. Rb6 Nd8 44. Rd6 Ne3 45. Rc7 Nf5 46. Ra6 Bb3 47. Rb6 Be6 48. Kg1 Ne3 49. Rb4 Nf5 50. Kf2 h6 51. Rb8 hxg5 52. fxg5 d3 53. Ne4 Bd5 54. Nc3 Be6 55. Ke1 Nd4 56. Kd2 Bf5 57. a4 N4e6 58. Rcc8 0-1